The American record : images of the nation's past /

Sparad:
Bibliografiska uppgifter
Övriga upphovsmän: Graebner, William., Richards, Leonard L.
Materialtyp: Bok
Språk:English
Publicerad: Boston : McGraw-Hill, c2006.
Upplaga:5th ed.
Ämnen:
Taggar: Lägg till en tagg
Inga taggar, Lägg till första taggen!
Thư viện lưu trữ: Mạng thư viện Đại học Đà Nẵng
LEADER 01245cam a22003611a 4500
001 000034392
003 10584
005 20241009154351.0
008 151027s2006 vm 000 eng
020 |a 9780072949599 
040 |a lnn  |c lnn  |d lnn 
041 |a eng 
082 0 0 |a 973  |b TH-A 
245 0 4 |a The American record :  |b images of the nation's past /  |c edited by William Graebner, Leonard Richards. 
250 |a 5th ed. 
260 |a Boston :  |b McGraw-Hill,  |c c2006. 
300 |a 2 v. :  |b ill., maps ;  |c 23 cm. 
504 |a Includes bibliographical references. 
505 0 |a v. 1. To 1877 -- v. 2. Since 1865. 
651 0 |a United States  |x History. 
651 0 |a United States  |x History  |v Sources. 
700 1 |a Graebner, William. 
700 1 |a Richards, Leonard L. 
OWN |a LNN 
AVA |a UDN50  |b LNN  |c English  |d 973TH-A  |e available  |t Error 5001 Not defined in file expand_doc_bib_avail.  |f 1  |g 0  |h N  |i 0  |j AN  |k 1 
999 |a From the UDN01 
AVA |a UDN50  |b LNN  |c English  |d 973TH-A  |e available  |t Error 5001 Not defined in file expand_doc_bib_avail.  |f 1  |g 0  |h N  |i 0  |j AN  |k 1 
TYP |a Monograph 
TYP |a Printed language 
980 |a Mạng thư viện Đại học Đà Nẵng